书目信息 |
| 题名: |
公共视频监控中的个人信息保护研究
|
|
| 作者: | 王秀哲 著 | |
| 分册: | ||
| 出版信息: | 北京 法律出版社 2022.02 |
|
| 页数: | 245页 | |
| 开本: | 23cm | |
| 丛书名: | 辽宁大学法学文丛 | |
| 单 册: | ||
| 中图分类: | D923.74 | |
| 科图分类: | ||
| 主题词: | 视频系统--shi pin xi tong--监控系统--个人信息--法律保护--研究--中国 | |
| 电子资源: | ||
| ISBN: | 978-7-5197-6346-6 | |
| 000 | 01357nam 2200277 450 | |
| 001 | CAL 0120227373130 | |
| 005 | 20230217093113.0 | |
| 010 | @a978-7-5197-6346-6@dCNY69.00 | |
| 100 | @a20220402d2022 em y0chiy0120 ea | |
| 101 | 0 | @achi |
| 102 | @aCN@b110000 | |
| 105 | @ay a 000yy | |
| 106 | @ar | |
| 200 | 1 | @a公共视频监控中的个人信息保护研究@Agong gong shi pin jian kong zhong de ge ren xin xi bao hu yan jiu@f王秀哲著 |
| 210 | @a北京@c法律出版社@d2022.02 | |
| 215 | @a245页@d23cm | |
| 225 | 2 | @a辽宁大学法学文丛@Aliao ning da xue fa xue wen cong |
| 314 | @a王秀哲, 辽宁大学法学院教授, 博士研究生导师, 中国宪法学研究会理事, 辽宁省法学会宪法学与行政法学研究会常务理事。 | |
| 320 | @a有书目 (第234-245页) | |
| 330 | @a目前我国公共安全视频监控主要通过地方立法进行规制, 主要有公共安全技术防范管理条例以及公共安全视频图像信息系统管理办法两类公共安全视频监控地方性立法。本书结合大数据时代个人信息法律保护的发展动态, 对我国公共安全视频监控系统建设的政策和地方立法情况进行了梳理, 并结合技术标准规制与个人信息统一立法保护的趋势, 对我国公共视频监控中个人信息的整体立法保护进行了统筹设计。 | |
| 410 | 0 | @12001 @a辽宁大学法学文丛 |
| 606 | 0 | @a视频系统@Ashi pin xi tong@x监控系统@x个人信息@x法律保护@x研究@y中国 |
| 690 | @aD923.74@v5 | |
| 701 | 0 | @a王秀哲@Awang xiu zhe@4著 |
| 801 | 0 | @aCN@bBJXHZP@c20230228 |
| 905 | @b1404649-52@dD923.74@e2303@f4 | |
| 公共视频监控中的个人信息保护研究/王秀哲著.-北京:法律出版社,2022.02 |
| 245页;23cm.-(辽宁大学法学文丛) |
| ISBN 978-7-5197-6346-6:CNY69.00 |
| 目前我国公共安全视频监控主要通过地方立法进行规制, 主要有公共安全技术防范管理条例以及公共安全视频图像信息系统管理办法两类公共安全视频监控地方性立法。本书结合大数据时代个人信息法律保护的发展动态, 对我国公共安全视频监控系统建设的政策和地方立法情况进行了梳理, 并结合技术标准规制与个人信息统一立法保护的趋势, 对我国公共视频监控中个人信息的整体立法保护进行了统筹设计。 |
| ● |
| 相关链接 |
|
|
|
|
正题名:公共视频监控中的个人信息保护研究
索取号:D923.74/2303
 
预约/预借
| 序号 | 登录号 | 条形码 | 馆藏地/架位号 | 状态 | 备注 |
| 1 | 1404649 | 214046496 | 第一样本阅览室/ [索取号:D923.74/2303] | 在馆 | |
| 2 | 1404650 | 214046502 | 第一借阅区/ [索取号:D923.74/2303] | 在馆 | |
| 3 | 1404651 | 214046511 | 第一借阅区/ [索取号:D923.74/2303] | 在馆 | |
| 4 | 1404652 | 214046520 | 第一借阅区/ [索取号:D923.74/2303] | 在馆 |